书目信息 |
| 题名: |
手工印染艺术教程
|
|
| 作者: | 汪芳 , 邵甲信 编著 | |
| 分册: | ||
| 出版信息: | 上海 东华大学出版社 2017.08 |
|
| 页数: | 96页 | |
| 开本: | 29cm | |
| 丛书名: | ||
| 单 册: | ||
| 中图分类: | J523.2 | |
| 科图分类: | ||
| 主题词: | 民间印染--印染艺术--高等学校--教材 | |
| 电子资源: | ||
| ISBN: | 978-7-5669-1266-4 | |
| 000 | 01040nam0 2200277 450 | |
| 001 | 0120141439631 | |
| 005 | 20180906092422.65 | |
| 010 | @a978-7-5669-1266-4@dCNY39.00 | |
| 100 | @a20170921d2017 em y0chiy50 ea | |
| 101 | 0 | @achi |
| 102 | @aCN@b310000 | |
| 105 | @aa z 000yy | |
| 106 | @ar | |
| 200 | 1 | @a手工印染艺术教程@9shou gong yin ran yi shu jiao cheng@f汪芳,邵甲信编著 |
| 205 | @a3版 | |
| 210 | @a上海@c东华大学出版社@d2017.08 | |
| 215 | @a96页@c图,照片@d29cm | |
| 300 | @a中国高等院校服装·纺织品艺术设计专业系列教材 | |
| 330 | @a本书分五章,手工印染艺术——源流篇、手工印染艺术——手绘篇、手工印染艺术——扎染篇、手工印染艺术——蜡染篇、手工印染艺术——蓝印花布篇。内容包括:手工印染艺术的概念;手工印染艺术的意义;手绘的特点;手绘的材料与工具等。 | |
| 333 | @a印染艺术相关专业师生 | |
| 606 | 0 | @a民间印染@x印染艺术@x高等学校@j教材 |
| 690 | @aJ523.2@v5 | |
| 701 | 0 | @a汪芳@9wang fang@4编著 |
| 701 | 0 | @a邵甲信@9shao jia xin@4编著 |
| 801 | 0 | @aCN@b人天书店@c20170921 |
| 905 | @b1085794-98@dJ523.2@e462=3@f5 | |
| 手工印染艺术教程/汪芳,邵甲信编著.-3版.-上海:东华大学出版社,2017.08 |
| 96页:图,照片;29cm |
| 中国高等院校服装·纺织品艺术设计专业系列教材.-使用对象:印染艺术相关专业师生 |
| ISBN 978-7-5669-1266-4:CNY39.00 |
| 本书分五章,手工印染艺术——源流篇、手工印染艺术——手绘篇、手工印染艺术——扎染篇、手工印染艺术——蜡染篇、手工印染艺术——蓝印花布篇。内容包括:手工印染艺术的概念;手工印染艺术的意义;手绘的特点;手绘的材料与工具等。 |
| ● |
| 相关链接 |
|
|
|
|
正题名:手工印染艺术教程
索取号:J523.2/462=3
 
预约/预借
| 序号 | 登录号 | 条形码 | 馆藏地/架位号 | 状态 | 备注 |
| 1 | 1085794 | 210857946 | 第一样本阅览室/ [索取号:J523.2/462=3] | 在馆 | |
| 2 | 1085795 | 210857955 | 教育系资料室/ [索取号:J523.2/462=3] | 在馆 | |
| 3 | 1085796 | 210857964 | 教育系资料室/ [索取号:J523.2/462=3] | 在馆 | |
| 4 | 1085797 | 210857973 | 美术系资料室/ [索取号:J523.2/462=3] | 在馆 | |
| 5 | 1085798 | 210857982 | 第一借阅区/ [索取号:J523.2/462=3] | 在馆 |